|
|
|
|
| LEADER |
00000nam0a2200000 4500 |
| 001 |
362434 |
| 005 |
20231102011505.0 |
| 035 |
|
|
|a (RuTPU)RU\TPU\retro\19780
|
| 090 |
|
|
|a 362434
|
| 100 |
|
|
|a 20210726d1964 m y0rusy50 ca
|
| 101 |
0 |
|
|a rus
|
| 102 |
|
|
|a BY
|
| 105 |
|
|
|a y z 000zy
|
| 200 |
1 |
|
|a Внедрение сварочной технологии для исправления брака в литейном производстве (технико-экономический обзор)
|f П. С. Елистратов, В. Г. Овруцкий
|g Институт научно-технической информации и пропаганды Госкомитета Совета Министров БССР по координации научно-исследовательских работ
|
| 210 |
|
|
|a Минск
|c [Б. и.]
|d 1964
|
| 215 |
|
|
|a 48 с.
|
| 606 |
1 |
|
|a Чугунное литье
|x Пороки
|x Исправление сваркой
|2 stltpush
|3 (RuTPU)RU\TPU\subj\18906
|9 44258
|
| 610 |
1 |
|
|a дефекты
|
| 610 |
1 |
|
|a брак
|
| 610 |
1 |
|
|a исправления
|
| 610 |
1 |
|
|a сварочная технология
|
| 675 |
|
|
|a 621.747.5
|v 4
|
| 700 |
|
1 |
|a Елистратов
|b П. С.
|g Петр Савельевич
|
| 701 |
|
1 |
|a Овруцкий
|b В. Г.
|g Вольфрам Гершович
|
| 712 |
0 |
2 |
|a Институт научно-технической информации и пропаганды Госкомитета Совета Министров БССР по координации научно-исследовательских работ
|2 stltpush
|3 (RuTPU)RU\TPU\col\13522
|9 25701
|
| 801 |
|
1 |
|a RU
|b 63413507
|c 20210726
|
| 942 |
|
|
|c BK
|